LEADER 00911nam a2200217 i 4500 001 000000154329 003 CaOOAMICUS 005 20061016000000.0 008 061016s1906 it u000 u ita u 013 $a131675 040 $aSeMil$bita 100 1 $aLudwig, Gustavo.$0(OLS)http://semarc/name/60396 245 10$aVittore Carpaccio :$bla vita e le opere /$cGustavo Ludwig, Pompeo Molmenti. 260 $aMilano :$bHoepli,$c1906. 300 $aXVI, 307 p. :$bill., [62] p. di tav. ;$c32 cm. 500 $aIn mezzo al front : con 225 illustrazioni nel testo e 62 tavole. 700 1 $aMolmenti, Pompeo,$d<1852-1928>.$0(OLS)http://semarc/name/7711 850 $aSeMil 852 $aSeMil$W1$xVenegono$y1$m5L IX 2$j106189$B106189$CSeMilBibl$Z2$F115381 $8I 996 $6245$aVittore Carpaccio :$bla vita e le opere$9(OLS)http://semarc/title/225868 996 $6260$aMilano :$bHoepli$9(OLS)http://semarc/publisher/31184 LEADER 01281nam a2200277 i 4500 001 000000030024 003 CaOOAMICUS 005 20180830125448.0 008 180830s1930 it u000 u ita u 040 $aSeMil$bita 100 0 $aAugustinus, Aurelius,$c.$0(OLS)http://semarc/name/498 245 10$aVita spirituale :$bletture per ogni giorno e per tutte le feste dell'anno tratte dalle opere del santo dottore /$cAgostino ; a cura di Felice Mayer ; traduzione italiana di Alessandro Arrò. 260 $aTorino [etc.] :$bSEI,$c1930-1931. 300 $av. ;$c21 cm. 650 4$aVita spirituale - Meditazioni.$0(OLS)http://semarc/subject/4798 700 1 $aArrò, Alessandro.$0(OLS)http://semarc/name/13493 700 1 $aMayer, Felice.$0(OLS)http://semarc/name/13743 774 0 $t1: (Gennaio-Giugno).$g1$w()198237 774 0 $t2: (Luglio - Dicembre).$g2$w()230277 774 0 $tVol. 3..$g3$w()230278 900 1 $aAgostino : d'Ippona. 900 1 $aSant'Agostino. 996 $6245$aVita spirituale :$bletture per ogni giorno e per tutte le feste dell'anno tratte dalle opere del santo dottore$9(OLS)http://semarc/title/40851 996 $6260$aTorino [etc.] :$bSEI$9(OLS)http://semarc/publisher/32375